[Event "Daventry 4NCL Easter op-A 2nd"]
[Site "Daventry"]
[Date "2022.04.18"]
[Round "6"]
[White "Ireland, David J"]
[Black "Jaszkiwskyj, Peter"]
[Result "1-0"]
[WhiteElo "1978"]
[BlackElo "1873"]
[PlyCount "47"]
[EventDate "2022.04.15"]
[EventType "swiss"]
[EventRounds "7"]
[EventCountry "ENG"]
[SourceTitle "CBM 207 Extra"]
[Source "ChessBase"]
[SourceDate "2022.05.31"]
[SourceVersion "1"]
[SourceVersionDate "2022.05.31"]
[SourceQuality "1"]

1. e4 e6 2. c4 d5 3. cxd5 exd5 4. exd5 Nf6 5. Nc3 g6 6. d4 Nbd7 7. Bb5 a6 8. Bxd7+ Bxd7 9. Bg5 Qe7+ 10. Qe2 Qxe2+ 11. Kxe2 Bg7 12. Nf3 0-0-0 13. Ne5 Be8 14. Rac1 b5 15. f3 h6 16. Bxf6 Bxf6 17. Rhd1 Bg5 18. Rc2 b4 19. Ne4 Rxd5 20. Nxg5 hxg5 21. Rdc1 Rxd4 22. Rxc7+ Kb8 23. Rc8+ Kb7 24. Ke3 1-0

[Event "Daventry 4NCL Easter op-A 2nd"]
[Site "Daventry"]
[Date "2022.04.17"]
[Round "4"]
[White "McCumiskey, Andrew P"]
[Black "Jaszkiwskyj, Peter"]
[Result "1/2-1/2"]
[WhiteElo "2017"]
[BlackElo "1873"]
[PlyCount "108"]
[EventDate "2022.04.15"]
[EventType "swiss"]
[EventRounds "7"]
[EventCountry "ENG"]
[SourceTitle "CBM 207 Extra"]
[Source "ChessBase"]
[SourceDate "2022.05.31"]
[SourceVersion "1"]
[SourceVersionDate "2022.05.31"]
[SourceQuality "1"]

1. c4 c6 2. d4 d5 3. Nc3 Nf6 4. Nf3 e6 5. Bg5 Be7 6. e3 0-0 7. Bd3 Nbd7 8. 0-0 h6 9. Bh4 a6 10. a4 dxc4 11. Bxc4 Nd5 12. Bxe7 Qxe7 13. e4 Nb4 14. a5 Rd8 15. Re1 b5 16. axb6 Nxb6 17. Bb3 Bb7 18. Qe2 c5 19. Red1 Rac8 20. Na4 Nxa4 21. Rxa4 cxd4 22. Nxd4 Qc5 23. Nxe6 Rxd1+ 24. Qxd1 Qc1 25. Rxb4 Qxd1+ 26. Bxd1 Rc1 27. Kf1 Bc8 28. Nxg7 Rxd1+ 29. Ke2 Rg1 30. Rb8 Kxg7 31. Rxc8 Rxg2 32. Rc6 Rxh2 33. Rxa6 Rh1 34. b4 Rb1 35. Rb6 h5 36. Kf3 Rb2 37. b5 h4 38. Rb8 h3 39. Kg3 Rb3+ 40. Kh2 Rb4 41. f3 Rb3 42. Kxh3 Rxf3+ 43. Kg4 Rb3 44. Kf5 Rb1 45. b6 Rb2 46. b7 Rb5+ 47. Kf4 Kf6 48. e5+ Ke7 49. Ke4 Rb1 50. Kd4 Rd1+ 51. Kc3 Rb1 52. Kc2 Rb6 53. Kc3 Rb1 54. Kc2 Rb6 1/2-1/2

[Event "BCF-chT3Sa 1920 (4NCL)"]
[Site "England"]
[Date "2020.02.08"]
[Round "5.15"]
[White "Tunks, Dominic"]
[Black "Jaszkiwskyj, Peter"]
[Result "1/2-1/2"]
[WhiteElo "2058"]
[BlackElo "1925"]
[PlyCount "31"]
[EventDate "2019.11.09"]
[EventType "team-tourn"]
[EventRounds "11"]
[EventCountry "ENG"]
[SourceTitle "EXT 2023"]
[Source "ChessBase"]
[SourceDate "2022.10.05"]
[SourceVersion "1"]
[SourceVersionDate "2022.10.05"]
[SourceQuality "1"]
[WhiteTeam "Wessex"]
[BlackTeam "The Rookies"]
[WhiteTeamCountry "ENG"]
[BlackTeamCountry "ENG"]

1. e4 e6 2. Nf3 d5 3. Nc3 Nf6 4. e5 Nfd7 5. d4 c5 6. dxc5 Bxc5 7. Bd3 Nc6 8. Bf4 a6 9. 0-0 f6 10. exf6 Nxf6 11. Ne5 0-0 12. Qe2 Bd4 13. Rad1 Bxc3 14. bxc3 Ne4 15. Nxc6 bxc6 16. Be5 1/2-1/2

[Event "BCF-chT3Sa 1920 (4NCL)"]
[Site "England"]
[Date "2019.11.10"]
[Round "2.35"]
[White "Garnett, John S"]
[Black "Jaszkiwskyj, Peter"]
[Result "1/2-1/2"]
[WhiteElo "1967"]
[BlackElo "1925"]
[PlyCount "43"]
[EventDate "2019.11.09"]
[EventType "team-tourn"]
[EventRounds "11"]
[EventCountry "ENG"]
[SourceTitle "EXT 2023"]
[Source "ChessBase"]
[SourceDate "2022.10.05"]
[SourceVersion "1"]
[SourceVersionDate "2022.10.05"]
[SourceQuality "1"]
[WhiteTeam "Ashfield"]
[BlackTeam "The Rookies"]
[WhiteTeamCountry "ENG"]
[BlackTeamCountry "ENG"]

1. c4 c6 2. Nf3 Nf6 3. d4 d5 4. Qc2 g6 5. Bf4 Bf5 6. Qb3 Qb6 7. e3 Nbd7 8. Nc3 Bg7 9. Be2 0-0 10. 0-0 Bg4 11. Qxb6 Nxb6 12. cxd5 cxd5 13. Rac1 Rac8 14. Ne5 Bxe2 15. Nxe2 Nh5 16. Nd3 Nxf4 17. Nexf4 e6 18. b3 Rxc1 19. Rxc1 Rc8 20. Rc5 Bf8 21. Rxc8 Nxc8 22. Kf1 1/2-1/2

[Event "BCF-chT3Sa 1920 (4NCL)"]
[Site "England"]
[Date "2019.11.09"]
[Round "1.25"]
[White "Jaszkiwskyj, Peter"]
[Black "Way, Julian M"]
[Result "1/2-1/2"]
[WhiteElo "1925"]
[BlackElo "1967"]
[PlyCount "114"]
[EventDate "2019.11.09"]
[EventType "team-tourn"]
[EventRounds "11"]
[EventCountry "ENG"]
[SourceTitle "EXT 2023"]
[Source "ChessBase"]
[SourceDate "2022.10.05"]
[SourceVersion "1"]
[SourceVersionDate "2022.10.05"]
[SourceQuality "1"]
[WhiteTeam "The Rookies"]
[BlackTeam "Surbiton"]
[WhiteTeamCountry "ENG"]
[BlackTeamCountry "ENG"]

1. d4 Nf6 2. c4 g6 3. Nf3 Bg7 4. Nc3 0-0 5. g3 d6 6. Bg2 c6 7. 0-0 Qa5 8. e4 e5 9. d5 cxd5 10. cxd5 Bg4 11. Qb3 Na6 12. Be3 Rfc8 13. Nd2 Nc5 14. Qc2 Qd8 15. b4 Na6 16. Qb3 Qd7 17. Rfc1 h5 18. Nf3 Bxf3 19. Bxf3 Ng4 20. Nd1 Nxe3 21. Nxe3 Bh6 22. a3 Kg7 23. h4 Rc7 24. Rxc7 Qxc7 25. Be2 Bxe3 26. Qxe3 Rc8 27. Qxa7 Nb8 28. Qe3 Nd7 29. Kg2 Qc2 30. Qd3 Nf6 31. Qxc2 Rxc2 32. Bf3 Rc3 33. Ra2 Kf8 34. a4 Rb3 35. b5 Ke7 36. a5 Rxb5 37. a6 bxa6 38. Rxa6 Rb7 39. Ra4 Nd7 40. Rc4 Nc5 41. Rc2 Rb4 42. Ra2 Rb7 43. Kf1 Kf6 44. Kg2 Kg7 45. Kf1 Kh6 46. Kg2 f6 47. Kh3 Rb3 48. Bg2 g5 49. f3 Kg6 50. Ra8 Nd3 51. hxg5 Kxg5 52. Rg8+ Kh6 53. Rd8 Rb6 54. Ra8 Ne1 55. Ra1 Nc2 56. Ra2 Nd4 57. Ra3 Kg6 1/2-1/2

[Event "BCF-chT3Sb 1718 (4NCL)"]
[Site "England"]
[Date "2018.01.13"]
[Round "3.76"]
[White "Gregory, Andrew M"]
[Black "Jaszkiwskyj, Peter"]
[Result "1/2-1/2"]
[WhiteElo "2014"]
[BlackElo "1906"]
[PlyCount "63"]
[EventDate "2017.11.11"]
[EventType "team-tourn"]
[EventRounds "11"]
[EventCountry "ENG"]
[SourceTitle "EXT 2020"]
[Source "ChessBase"]
[SourceDate "2019.10.17"]
[SourceVersion "1"]
[SourceVersionDate "2019.10.17"]
[SourceQuality "1"]
[WhiteTeam "West is Best III"]
[BlackTeam "The Rookies"]
[WhiteTeamCountry "WLS"]
[BlackTeamCountry "ENG"]

1. d4 d5 2. Nf3 Nf6 3. e3 c5 4. Be2 Nc6 5. c3 e6 6. 0-0 Bd6 7. Nbd2 0-0 8. dxc5 Bxc5 9. b4 Bd6 10. b5 Ne7 11. Qb3 b6 12. Bb2 Bb7 13. Rfd1 Ng6 14. c4 Qe7 15. cxd5 Bxd5 16. Bc4 Rac8 17. Bxd5 Nxd5 18. Ne4 Bb4 19. Nd4 Qh4 20. f4 Nge7 21. a3 Bc5 22. Rac1 Bxd4 23. Bxd4 Nf5 24. g3 Qh5 25. Qd3 Nxd4 26. exd4 Qg6 27. Kf2 Nf6 28. Nxf6+ Qxf6 29. Rc6 Qe7 30. Rdc1 Rcd8 31. Ke3 Rd7 32. a4 1/2-1/2

[Event "BCF-chT3Sd 1516 (4NCL)"]
[Site "England"]
[Date "2016.03.20"]
[Round "8.99"]
[White "Jaszkiwskyj, Peter"]
[Black "McMahon, Paul"]
[Result "1-0"]
[WhiteElo "1982"]
[BlackElo "2008"]
[PlyCount "37"]
[EventDate "2016.03.20"]
[EventType "team-swiss"]
[EventRounds "11"]
[EventCountry "ENG"]
[SourceTitle "EXT 2017"]
[Source "ChessBase"]
[SourceDate "2016.10.25"]
[SourceVersion "1"]
[SourceVersionDate "2016.10.25"]
[SourceQuality "1"]
[WhiteTeam "The Rookies"]
[BlackTeam "Poisoned Pawns"]
[WhiteTeamCountry "ENG"]
[BlackTeamCountry "ENG"]

1. d4 Nf6 2. c4 e5 3. dxe5 Ng4 4. Bf4 Nc6 5. Nf3 Bb4+ 6. Nc3 f6 7. exf6 Qxf6 8. Bd2 0-0 9. a3 Bc5 10. Ne4 Qf5 11. Nxc5 Qxc5 12. e3 d6 13. Be2 Be6 14. b4 Qh5 15. Bc3 Rad8 16. h3 Nce5 17. Rf1 Nxe3 18. fxe3 Nxc4 19. Qd4 1-0

[Event "BCF-chT3Sa 1516 (4NCL)"]
[Site "England"]
[Date "2016.02.13"]
[Round "5.59"]
[White "Hatchett, Paul"]
[Black "Jaszkiwskyj, Peter"]
[Result "1-0"]
[WhiteElo "1992"]
[BlackElo "1982"]
[PlyCount "83"]
[EventDate "2015.11.14"]
[EventType "team-swiss"]
[EventRounds "7"]
[EventCountry "ENG"]
[SourceTitle "EXT 2017"]
[Source "ChessBase"]
[SourceDate "2016.10.25"]
[SourceVersion "1"]
[SourceVersionDate "2016.10.25"]
[SourceQuality "1"]
[WhiteTeam "Rhyfelwyr Essyllwg"]
[BlackTeam "The Rookies"]
[WhiteTeamCountry "ENG"]
[BlackTeamCountry "ENG"]

1. e4 e6 2. d3 d5 3. Nd2 c5 4. Ngf3 Nc6 5. g3 Nge7 6. Bg2 g6 7. 0-0 Bg7 8. Re1 Bd7 9. c3 0-0 10. e5 b5 11. Nf1 c4 12. d4 b4 13. Ne3 bxc3 14. bxc3 h6 15. h4 Rb8 16. Nh2 Qa5 17. Neg4 Qxc3 18. Bxh6 Rfd8 19. Nf6+ Bxf6 20. exf6 Nf5 21. Be3 Ncxd4 22. Qg4 Nc2 23. Rac1 Ba4 24. Qg5 Qa3 25. h5 Kh7 26. Bxa7 Nxe1 27. hxg6+ fxg6 28. Rxe1 Rb7 29. Rxe6 Qf8 30. Ra6 Bb5 31. Ra5 Qh6 32. Nf3 c3 33. f7 Qxg5 34. Nxg5+ Kh8 35. Bc5 c2 36. Ba3 Rf8 37. Bxd5 Bc6 38. Bxc6 Rb1+ 39. Kg2 Ne7 40. Be8 c1Q 41. Bxc1 Rxc1 42. Ne6 1-0

[Event "BCF-chT3Sa 1516 (4NCL)"]
[Site "England"]
[Date "2016.01.17"]
[Round "4.88"]
[White "Cole, James"]
[Black "Jaszkiwskyj, Peter"]
[Result "1/2-1/2"]
[WhiteElo "1960"]
[BlackElo "1982"]
[PlyCount "81"]
[EventDate "2015.11.14"]
[EventType "team-swiss"]
[EventRounds "7"]
[EventCountry "ENG"]
[SourceTitle "CBM 170 Extra"]
[Source "ChessBase"]
[SourceDate "2016.02.25"]
[SourceVersion "1"]
[SourceVersionDate "2016.02.25"]
[SourceQuality "1"]
[WhiteTeam "Oxford II"]
[BlackTeam "The Rookies"]
[WhiteTeamCountry "ENG"]
[BlackTeamCountry "ENG"]

1. e4 e6 2. d3 d5 3. Nd2 c5 4. Ngf3 Nc6 5. g3 Nge7 6. Bg2 g6 7. 0-0 Bg7 8. Re1 Bd7 9. c3 a5 10. a4 0-0 11. Qc2 Rb8 12. Nf1 b5 13. exd5 exd5 14. Bf4 Rb6 15. axb5 Rxb5 16. Ne5 Be6 17. Qa4 Qb6 18. Nxc6 Nxc6 19. Ra2 Rc8 20. Re2 Bf5 21. Bxd5 Bxd3 22. Rd2 Bb1 23. Ra1 Bf5 24. Ne3 Rxb2 25. Rxb2 Qxb2 26. Nxf5 gxf5 27. Bxc6 Rxc6 28. Qxc6 Qxa1+ 29. Kg2 Qb1 30. Qc8+ Bf8 31. Bh6 Qe4+ 32. f3 Qe2+ 33. Kh3 Qe7 34. Bxf8 Qxf8 35. Qxf5 Qh6+ 36. Kg2 Qd2+ 37. Kh3 Qh6+ 38. Kg2 Qd2+ 39. Kh3 Qxc3 40. Qg5+ Kf8 41. Qd8+ 1/2-1/2

[Event "BCF-chT3 1415 (4NCL)"]
[Site "England"]
[Date "2015.03.22"]
[Round "8.97"]
[White "Jaszkiwskyj, Peter"]
[Black "Garnett, John S"]
[Result "1-0"]
[WhiteElo "1953"]
[BlackElo "2007"]
[PlyCount "67"]
[EventDate "2015.03.21"]
[EventType "team-swiss"]
[EventRounds "11"]
[EventCountry "ENG"]
[SourceTitle "EXT 2016"]
[Source "ChessBase"]
[SourceDate "2015.10.08"]
[SourceVersion "1"]
[SourceVersionDate "2015.10.08"]
[SourceQuality "1"]
[WhiteTeam "The Rookies"]
[BlackTeam "e2e4.org.uk II"]
[WhiteTeamCountry "ENG"]
[BlackTeamCountry "ENG"]

1. d4 Nf6 2. Nf3 g6 3. Bf4 Bg7 4. e3 0-0 5. h3 c5 6. c3 b6 7. Nbd2 Bb7 8. Be2 d6 9. 0-0 Nc6 10. Bh2 Qd7 11. Rc1 Rac8 12. Re1 Rfd8 13. Bf1 a6 14. a4 Nb8 15. Qb3 Qc6 16. Ng5 e6 17. Nc4 b5 18. axb5 axb5 19. Na5 Qb6 20. Qxb5 Qxb5 21. Bxb5 Ba6 22. Bxa6 Nxa6 23. Nb7 Rd7 24. Nxd6 Rc6 25. Nc4 Nd5 26. Nf3 Rd8 27. Nfe5 Bxe5 28. Nxe5 Rb6 29. Ra1 Ndc7 30. Ra2 f6 31. Nc4 Rc6 32. Na5 Rb6 33. dxc5 Rb5 34. c4 1-0

[Event "BCF-chT3S 1314 (4NCL)"]
[Site "England"]
[Date "2014.02.15"]
[Round "5.148"]
[White "Jaszkiwskyj, Peter"]
[Black "Lau, Jason"]
[Result "1-0"]
[WhiteElo "1955"]
[BlackElo "1785"]
[PlyCount "103"]
[EventDate "2013.11.16"]
[EventType "team-swiss"]
[EventRounds "6"]
[EventCountry "ENG"]
[SourceTitle "EXT 2015"]
[Source "ChessBase"]
[SourceDate "2014.11.20"]
[SourceVersion "1"]
[SourceVersionDate "2014.11.20"]
[SourceQuality "1"]
[WhiteTeam "The Rookies"]
[BlackTeam "3CS Oldham II"]
[WhiteTeamCountry "ENG"]
[BlackTeamCountry "ENG"]

1. d4 Nf6 2. Nf3 g6 3. Bf4 Bg7 4. e3 d6 5. Be2 0-0 6. h3 Nbd7 7. 0-0 Re8 8. c4 b6 9. Nc3 Bb7 10. Bh2 Ne4 11. Rc1 Ndf6 12. a3 e6 13. Qc2 Nxc3 14. Qxc3 Ne4 15. Qc2 f5 16. Rfd1 Qf6 17. b4 g5 18. Ne1 Qg6 19. c5 bxc5 20. bxc5 dxc5 21. dxc5 Bd5 22. Nd3 Nc3 23. Re1 Nxe2+ 24. Qxe2 e5 25. Nb4 Be6 26. Red1 Qf7 27. Qb5 f4 28. Qc6 Rad8 29. Na6 Rc8 30. Rb1 Bf5 31. Rb7 Re6 32. Qb5 Re7 33. Rxa7 f3 34. Qc6 g4 35. Ra8 Rxa8 36. Qxa8+ Re8 37. Rd8 Rxd8 38. Qxd8+ Bf8 39. Qg5+ Qg6 40. Qxg6+ hxg6 41. Bxe5 gxh3 42. gxh3 Bxh3 43. Bd4 Bf5 44. Nxc7 g5 45. Kh2 Kf7 46. Kg3 g4 47. Nd5 Kg6 48. a4 Be4 49. Nc3 Bf5 50. e4 Bc8 51. Nd5 Kh5 52. Nf6+ 1-0

[Event "BCF-chT3S 1314 (4NCL)"]
[Site "England"]
[Date "2014.01.12"]
[Round "4.98"]
[White "Jaszkiwskyj, Peter"]
[Black "Way, Julian M"]
[Result "0-1"]
[WhiteElo "1963"]
[BlackElo "1993"]
[PlyCount "80"]
[EventDate "2013.11.16"]
[EventType "team-swiss"]
[EventRounds "6"]
[EventCountry "ENG"]
[SourceTitle "EXT 2015"]
[Source "ChessBase"]
[SourceDate "2014.11.20"]
[SourceVersion "1"]
[SourceVersionDate "2014.11.20"]
[SourceQuality "1"]
[WhiteTeam "The Rookies"]
[BlackTeam "Celtic Tigers"]
[WhiteTeamCountry "ENG"]
[BlackTeamCountry "ENG"]

1. d4 d5 2. Nf3 Nf6 3. Bf4 e6 4. e3 Bd6 5. Ne5 0-0 6. c4 c5 7. Nc3 a6 8. Rc1 Nc6 9. Nxc6 bxc6 10. Bxd6 Qxd6 11. Be2 Rb8 12. b3 e5 13. Na4 exd4 14. exd4 Re8 15. 0-0 cxd4 16. c5 Qf4 17. Re1 Bf5 18. g3 Qh6 19. Nb2 Ne4 20. Qxd4 Ng5 21. Bg4 Re4 22. Rxe4 Nh3+ 23. Kg2 Bxe4+ 24. f3 Qxc1 25. fxe4 Ng5 26. exd5 Qc2+ 27. Kf1 cxd5 28. Qe5 Qc1+ 29. Kg2 Qd2+ 30. Kf1 Rf8 31. c6 Ne4 32. Be2 Qc1+ 33. Kg2 Qxc6 34. Bd3 Nf6 35. Qd4 Re8 36. Na4 h5 37. Nc5 a5 38. a4 Rc8 39. Na6 Qc3 40. Qe3 Qb2+ 0-1

[Event "BCF-chT3S 1314 (4NCL)"]
[Site "England"]
[Date "2014.01.11"]
[Round "3.128"]
[White "Taylor, Robert P"]
[Black "Jaszkiwskyj, Peter"]
[Result "1/2-1/2"]
[WhiteElo "1901"]
[BlackElo "1963"]
[PlyCount "79"]
[EventDate "2013.11.16"]
[EventType "team-swiss"]
[EventRounds "6"]
[EventCountry "ENG"]
[SourceTitle "EXT 2015"]
[Source "ChessBase"]
[SourceDate "2014.11.20"]
[SourceVersion "1"]
[SourceVersionDate "2014.11.20"]
[SourceQuality "1"]
[WhiteTeam "Ashfield Breadsall"]
[BlackTeam "The Rookies"]
[WhiteTeamCountry "ENG"]
[BlackTeamCountry "ENG"]

1. d4 d5 2. Bf4 Nf6 3. Nf3 c5 4. e3 Nc6 5. Nc3 Bg4 6. Be2 e6 7. 0-0 cxd4 8. Nb5 Rc8 9. Nbxd4 Bd6 10. Nxc6 bxc6 11. Bxd6 Qxd6 12. h3 Bh5 13. c4 0-0 14. cxd5 cxd5 15. Nd4 Bg6 16. Bd3 Ne4 17. Rc1 Qb6 18. Qb3 Qa5 19. Bxe4 Bxe4 20. Nc6 Qc7 21. Qa3 Kh8 22. Nxa7 Qxc1 23. Rxc1 Rxc1+ 24. Kh2 Kg8 25. b4 Rc2 26. Kg3 h5 27. h4 d4 28. exd4 Bd5 29. b5 Rxa2 30. Qc5 Ra4 31. Nc8 Rc4 32. Ne7+ Kh7 33. Qa7 Ra8 34. Qb6 Ra3+ 35. f3 Rb4 36. Qd8 Ra8 37. Qb6 Raa4 38. Qd8 Ra8 39. Qb6 Raa4 40. Qd8 1/2-1/2

[Event "Scarborough op"]
[Site "Scarborough"]
[Date "2013.10.27"]
[Round "4"]
[White "Surtees, Michael"]
[Black "Jaszkiwskyj, Peter"]
[Result "1-0"]
[WhiteElo "2091"]
[BlackElo "1968"]
[PlyCount "57"]
[EventDate "2013.10.25"]
[EventType "swiss"]
[EventRounds "5"]
[EventCountry "ENG"]
[SourceTitle "EXT 2014"]
[Source "ChessBase"]
[SourceDate "2013.11.20"]
[SourceVersion "1"]
[SourceVersionDate "2013.11.20"]
[SourceQuality "1"]

1. e4 e6 2. f4 d5 3. e5 c5 4. b4 cxb4 5. a3 Nc6 6. axb4 Bxb4 7. c3 Be7 8. d4 Bd7 9. Bd3 a6 10. Nf3 b5 11. 0-0 Qc8 12. Nbd2 Bd8 13. Nb3 Bb6 14. Ba3 Na5 15. Nxa5 Bxa5 16. Bc5 Bc7 17. Qe1 Bd8 18. Nd2 Ne7 19. g4 h5 20. h3 hxg4 21. hxg4 Rh6 22. Qg3 Nc6 23. g5 Rh8 24. Kg2 Be7 25. Rh1 Rxh1 26. Rxh1 Bxc5 27. dxc5 Ke7 28. Rh7 Qf8 29. Qh4 1-0

[Event "Bedford e2e4 op"]
[Site "Bedford"]
[Date "2013.09.21"]
[Round "3"]
[White "Jaszkiwskyj, Peter"]
[Black "Mangione, Claudio"]
[Result "0-1"]
[WhiteElo "1979"]
[BlackElo "2146"]
[PlyCount "76"]
[EventDate "2013.09.20"]
[EventType "swiss"]
[EventRounds "5"]
[EventCountry "ENG"]
[SourceTitle "CBM 156 Extra"]
[Source "ChessBase"]
[SourceDate "2013.10.22"]
[SourceVersion "1"]
[SourceVersionDate "2013.10.22"]
[SourceQuality "1"]

1. d4 g6 2. Nf3 Bg7 3. Bf4 d6 4. e3 Nd7 5. Be2 e5 6. Bg3 Ne7 7. 0-0 0-0 8. c4 Nf5 9. Nc3 c6 10. Rc1 h5 11. Bd3 exd4 12. exd4 Nxg3 13. hxg3 Re8 14. Qd2 Nf8 15. Bb1 Bg4 16. b3 Qb6 17. d5 c5 18. Ne4 Nh7 19. Qf4 Rad8 20. Nfg5 Nxg5 21. Qxg5 Re5 22. Qd2 Rde8 23. Rfe1 Qd8 24. f3 Bc8 25. f4 R5e7 26. Ng5 Bd4+ 27. Kf1 Be3 28. Rxe3 Rxe3 29. Ne6 Bxe6 30. Qxe3 Bxd5 31. Qd2 Bc6 32. Rd1 Qe7 33. Bc2 a6 34. a4 Kh7 35. Qd3 f5 36. Kg1 Qe2 37. Rd2 Qe1+ 38. Kh2 Re3 0-1